000 00501nam a2200193Ia 4500
005 20240823032921.0
008 240823s9999||||xx |||||||||||||| ||und||
020 _a978-81-203-2963-X
041 _aENGLISH
082 _A620.001515352 Q2
100 _a"Deb,Debasis"
245 0 _aFinite Element Method : Concepts and Applications in Geomechanics
250 _a2nd
260 _c2012
_b"PHI,.New "
_aNew Delhi
500 _aYES
650 _aFinite
_bMechanical
942 _cBK
999 _c194567
_d194567